000 01157nam0a2200313 4500
001 RU\NLR\BIBL_A\011204347
005 20250625215329.0
010 _a978-5-91542-287-1
_9500
021 _aRU
_b2016-29534
_94024
035 _a(NILC)RuMoRGB-008577801
035 _a(NLR Aleph) 011204347
090 _a11941294
_c11941294
100 _a20160902d2015 |||y0rusy50 ca
101 0 _arus
102 _aRU
105 _aa|||z||||00zd
200 1 _aДолгая память матери
_e[судьбы как киноповести
_eповести, рассказы, очерки]
_fПетр Васильев
210 _aСанкт-Петербург
_cНП-ПРИНТ
_d2015
215 _a208, [1] с.
_cил.
_d21
675 _a821.161.1
686 2 _aШ6(2=Р)8-4
700 1 _7ca
_8rus
_aВасильев
_bП. А.
_cжурналист, краевед, писатель
_f1967-
_gПетр Александрович
_9166317
_3RU\NLR\AUTH\770166364
801 0 _aRU
_bРГБ
_c20160812
_gRCR
801 1 _aRU
_bРГБ
_c20160812
_2rusmarc
942 _cBOOK
980 _aNB